Notas para el avance del mapa meteorológico de Cataluña / por el académico numerario Hermenegildo Gorría y Royán
Descripción Física:
15 p., 1 f. plegat : map. ; 30 cm
Materias:
Meteorologia -- Catalunya
MARC
| LEADER | 00000nam a2200000Ia 4500 | ||
|---|---|---|---|
| 001 | 23540 | ||
| 008 | 160829s1913 xx 000 0 cat d | ||
| 080 | |a RF-17-20 | ||
| 100 | |a Gorría, Hermenegildo |9 38115 | ||
| 245 | |a Notas para el avance del mapa meteorológico de Cataluña / por el académico numerario Hermenegildo Gorría y Royán | ||
| 260 | |a Barcelona : |b (Imp. A. López Robert), |c 1913 | ||
| 300 | |a 15 p., 1 f. plegat : |b map. ; |c 30 cm | ||
| 590 | |a A: Memorias de la Real Academia de Ciencias y Artes de Barcelona, 3a época, vol. 10, no. 17 (1913) ; p. 315-227. | ||
| 590 | |a Prové de C-205, exp. 11 | ||
| 650 | |a Meteorologia |x Catalunya |9 48940 | ||
| 856 | 4 | |u https://media.diba.cat/diba/fitxers/arxiu/fulletons/bib_23540_1913_baixa.pdf |y Accés lliure | |
| 856 | 4 | |u https://media.diba.cat/diba/fitxers/arxiu/fulletons/bib_23540_1913_baixa.pdf |y Accés lliure | |
| 901 | |a Arxiu | ||
| 942 | |n 1 |2 udc | ||
| 952 | |0 0 |1 0 |4 0 |6 RF1720 |7 1 |9 54985 |a Arxiu |b Arxiu |d 2012-08-07 |l 0 |o RF-17-20 |p 23540 |r 2016-12-01 00:00:00 |w 2016-12-01 |y ARXIU | ||
| 999 | |c 58855 |d 58855 | ||
| 900 | |a bib_23540_1913_baixa.pdf | ||